Impact Welding of Materials (Record no. 15514)

MARC details
000 -LEADER
fixed length control field 01363nam a2200133Ia 4500
008 - FIXED-LENGTH DATA ELEMENTS--GENERAL INFORMATION
fixed length control field 220615s9999||||xx |||||||||||||| ||und||
020 ## - INTERNATIONAL STANDARD BOOK NUMBER
International Standard Book Number 9783040000000
245 #0 - TITLE STATEMENT
Title Impact Welding of Materials
546 ## - LANGUAGE NOTE
Language note English[eng]
650 ## - SUBJECT ADDED ENTRY--TOPICAL TERM
Topical term or geographic name entry element dissimilar materials||interlayer||vaporizing foil actuators welding||impact welding||impact velocity||impact angle||welding interface||flyer velocity||energy efficiency||peak velocity||flyer rebound||flyer size||confinement layer||explosive welding||Ti6Al4V/Al-1060||microstructure||mechanical properties||smooth particle hydrodynamic (SPH)||high-velocity impact welding||smoothed particle hydrodynamics simulation||welding window||gelatin||thin aluminum plate||magnesium alloys||LPSO phase||cellular metal||composite structure||unidirectional cellular metal||explosive compaction||high-energy-rate forming||tantalum/copper/stainless steel clads||severe plastic deformation||SEM/EBSD||microhardness||magnetic pulse welding||dissimilar metals||surface preparation||interface||aluminum||carbon steel||stainless steel||collision welding||pressure welding||process glare||jet||cloud of particles||shock compression||surface roughness||collision conditions||model test rig||welding mechanisms||n/a
700 ## - ADDED ENTRY--PERSONAL NAME
Personal name Galvão, Ivan||Loureiro, Altino||Mendes, Ricardo
856 ## - ELECTRONIC LOCATION AND ACCESS
Uniform Resource Identifier <a href="https://mdpi.com/books/pdfview/book/3786">https://mdpi.com/books/pdfview/book/3786</a>
942 ## - ADDED ENTRY ELEMENTS (KOHA)
Koha item type E-Books
Holdings
Withdrawn status Lost status Damaged status Not for loan Home library Current library Date acquired Total Checkouts Date last seen Price effective from Koha item type
        Kerala University of Digital Sciences, Innovation and Technology Knowledge Centre Kerala University of Digital Sciences, Innovation and Technology Knowledge Centre 15/06/2022   15/06/2022 15/06/2022 E-Books